000 00889 a2200229 4500
005 20260410104422.0
008 260410b |||||||| |||| 00| 0 eng d
020 _a9789387200555 (hbk)
037 _cTB
040 _aAL
_cAL
041 _2hin
_ahin
084 _aO15,1:g(NR) R5
_qAL
100 _aत्रिपाठी, उमारानी
_9846990
245 _aसङ्गीतकम्
260 _aवाराणासी, भारत:
_bकला प्रकाशन,
_c2025.
300 _a142पृ.
365 _b800.00
_cINR
650 _aसंस्कृत काव्य
650 _aसंस्कृत साहित्य
942 _cTB
_2CC
_hO15,1:g(NR) R5
999 _c1464311
_d1464311